000 00719nam a2200217Ia 4500
003 GCL
008 140319s9999 xx 000 0 ara d
040 _aGCL /
_cGCL
082 0 4 _aد
_b050
_bم ك
100 1 _aمؤسسة الاهرام
245 1 0 _aكتاب الاهرام الاقتصادي /
_cمؤسسة الاهرام
260 _a[S.N] :
_bمؤسسة الاهرام ،
_c1995
300 _a64
490 _aمنشورات كلية المحاسبة - غريان
_v0
650 0 4 _aالاقتصاد
650 0 4 _aالاقتصاد الدولى
650 0 4 _aالاقتصاد الراسمالى
650 0 4 _aالاقتصاد التحليلى
650 0 4 _aالاقتصاد الجزئى
942 _2ddc
_cCF
999 _c26983
_d26983